[Event "45th FIDE Chess Olympiad Open"]
[Site "Budapest, Hungary"]
[Date "2024.09.20"]
[Round "9"]
[White "Warmerdam, Max"]
[Black "Quintiliano, Renato R."]
[Result "1/2-1/2"]
[Board "39"]
[WhiteFideId "1048104"]
[BlackFideId "2117568"]
[WhiteTitle "GM"]
[BlackTitle "GM"]
[WhiteElo "2679"]
[BlackElo "2499"]
[WhiteTeam "Netherlands"]
[BlackTeam "Brazil"]
[WhiteClock "0:09:07"]
[BlackClock "0:06:02"]
[Variant "Standard"]

1. e4 {[%clk 1:30:56]}  c5 {[%clk 1:30:47]} 2. Nf3 {[%clk 1:31:20]}  d6 {[%clk 1:31:10]} 3. d4 {[%clk 1:31:44]}  cxd4 {[%clk 1:31:34]} 4. Nxd4 {[%clk 1:32:09]}  Nf6 {[%clk 1:31:56]} 5. Nc3 {[%clk 1:32:34]}  a6 {[%clk 1:28:49]} 6. Qd3 {[%clk 1:32:58]}  Nbd7 {[%clk 1:26:16]} 7. f3 {[%clk 1:33:05]}  Nc5 {[%clk 1:10:34]} 8. Qd2 {[%clk 1:32:09]}  g6 {[%clk 1:03:15]} 9. Nb3 {[%clk 1:26:22]}  Nxb3 {[%clk 1:01:23]} 10. axb3 {[%clk 1:25:52]}  Bg7 {[%clk 0:58:43]} 11. Qf2 {[%clk 1:14:14]}  O-O {[%clk 0:56:09]} 12. Be3 {[%clk 1:14:34]}  Be6 {[%clk 0:55:28]} 13. Bd4 {[%clk 1:10:27]}  Rc8 {[%clk 0:48:59]} 14. Be2 {[%clk 1:06:27]}  Nd7 {[%clk 0:45:39]} 15. f4 {[%clk 0:53:55]}  Bxd4 {[%clk 0:45:32]} 16. Qxd4 {[%clk 0:54:19]}  Qb6 {[%clk 0:43:34]} 17. Qxb6 {[%clk 0:52:57]}  Nxb6 {[%clk 0:43:58]} 18. Ra5 {[%clk 0:53:05]}  f5 {[%clk 0:36:10]} 19. e5 {[%clk 0:36:52]}  Rfd8 {[%clk 0:28:23]} 20. exd6 {[%clk 0:33:19]}  Rxd6 {[%clk 0:27:26]} 21. Bf3 {[%clk 0:33:42]}  Rc7 {[%clk 0:27:32]} 22. Re5 {[%clk 0:18:56]}  Nd7 {[%clk 0:18:43]} 23. Re2 {[%clk 0:19:19]}  Nf6 {[%clk 0:16:00]} 24. Kf2 {[%clk 0:17:56]}  b5 {[%clk 0:15:19]} 25. Rhe1 {[%clk 0:18:05]}  Kf7 {[%clk 0:15:37]} 26. g3 {[%clk 0:18:14]}  Bc8 {[%clk 0:13:36]} 27. Na2 {[%clk 0:16:26]}  a5 {[%clk 0:09:37]} 28. Nc1 {[%clk 0:07:30]}  b4 {[%clk 0:09:59]} 29. c4 {[%clk 0:04:01]}  bxc3 {[%clk 0:09:29]} 30. bxc3 {[%clk 0:04:30]}  Bb7 {[%clk 0:08:55]} 31. Bxb7 {[%clk 0:04:40]}  Rxb7 {[%clk 0:09:20]} 32. c4 {[%clk 0:04:42]}  Ne4+ {[%clk 0:06:12]} 33. Kg2 {[%clk 0:05:01]}  Nc5 {[%clk 0:03:42]} 34. Ra2 {[%clk 0:03:42]}  Nxb3 {[%clk 0:03:23]} 35. Nxb3 {[%clk 0:03:43]}  Rxb3 {[%clk 0:03:49]} 36. Re5 {[%clk 0:02:56]}  a4 {[%clk 0:03:24]} 37. Ra5 {[%clk 0:03:16]}  Rc3 {[%clk 0:03:11]} 38. R5xa4 {[%clk 0:03:40]}  Rd4 {[%clk 0:03:34]} 39. Re2 {[%clk 0:03:59]}  Rdxc4 {[%clk 0:03:41]} 40. Rxc4 {[%clk 0:04:22]}  Rxc4 {[%clk 0:04:08]} 41. Ra2 {[%clk 0:01:50]}  h6 {[%clk 0:04:06]} 42. h4 {[%clk 0:28:22]}  Rd4 {[%clk 0:23:26]} 43. Kf2 {[%clk 0:26:09]}  g5 {[%clk 0:21:00]} 44. hxg5 {[%clk 0:26:13]}  hxg5 {[%clk 0:21:22]} 45. Kf3 {[%clk 0:24:54]}  Rd3+ {[%clk 0:20:36]} 46. Kf2 {[%clk 0:24:52]}  Kf6 {[%clk 0:18:21]} 47. Rb2 {[%clk 0:24:15]}  e6 {[%clk 0:18:21]} 48. Ra2 {[%clk 0:23:25]}  Rd4 {[%clk 0:17:06]} 49. Kf3 {[%clk 0:23:39]}  Rb4 {[%clk 0:16:49]} 50. Re2 {[%clk 0:21:05]}  Rb6 {[%clk 0:15:47]} 51. Re3 {[%clk 0:11:05]}  Ra6 {[%clk 0:14:01]} 52. Re2 {[%clk 0:11:27]}  Kg6 {[%clk 0:13:09]} 53. Re3 {[%clk 0:11:47]}  Kh5 {[%clk 0:11:29]} 54. Re2 {[%clk 0:10:54]}  Rb6 {[%clk 0:09:19]} 55. Rh2+ {[%clk 0:11:19]}  Kg6 {[%clk 0:09:46]} 56. Re2 {[%clk 0:11:44]}  Kf6 {[%clk 0:08:26]} 57. Ra2 {[%clk 0:11:47]}  e5 {[%clk 0:08:03]} 58. fxe5+ {[%clk 0:12:12]}  Kxe5 {[%clk 0:08:26]} 59. Ra5+ {[%clk 0:10:52]}  Kf6 {[%clk 0:08:39]} 60. Kf2 {[%clk 0:10:17]}  Rb2+ {[%clk 0:08:40]} 61. Kf1 {[%clk 0:10:29]}  Rb4 {[%clk 0:06:06]} 62. Kf2 {[%clk 0:10:47]}  Ke6 {[%clk 0:05:21]} 63. Ra2 {[%clk 0:10:54]}  Ke5 {[%clk 0:05:39]} 64. Re2+ {[%clk 0:10:35]}  Kd5 {[%clk 0:05:52]} 65. Rd2+ {[%clk 0:09:46]}  Rd4 {[%clk 0:06:17]} 66. Ra2 {[%clk 0:10:06]}  Rd3 {[%clk 0:06:32]} 67. Ra5+ {[%clk 0:09:07]}  Ke4 {[%clk 0:06:50]} 68. Ra4+ {[%clk 0:09:33]}  Rd4 {[%clk 0:07:04]} 69. Ra2 {[%clk 0:09:52]}  Rb4 {[%clk 0:06:09]} 70. Re2+ {[%clk 0:09:24]}  Kd5 {[%clk 0:06:30]} 71. Rd2+ {[%clk 0:09:41]}  Ke5 {[%clk 0:06:52]} 72. Re2+ {[%clk 0:09:42]}  Kf6 {[%clk 0:07:18]} 73. Ra2 {[%clk 0:10:03]}  Kg6 {[%clk 0:07:27]} 74. Ra5 {[%clk 0:10:05]}  Rb2+ {[%clk 0:07:35]} 75. Kf1 {[%clk 0:09:43]}  Rd2 {[%clk 0:06:03]} 76. Rb5 {[%clk 0:10:07]}  Kf6 {[%clk 0:04:56]} 77. Ra5 {[%clk 0:10:31]}  Ke6 {[%clk 0:05:14]} 78. Rb5 {[%clk 0:10:54]}  Rd5 {[%clk 0:05:24]} 79. Rb2 {[%clk 0:11:12]}  Ke5 {[%clk 0:05:12]} 80. Kf2 {[%clk 0:11:37]}  Rc5 {[%clk 0:05:27]} 81. Re2+ {[%clk 0:10:08]}  Kf6 {[%clk 0:05:52]} 82. Ra2 {[%clk 0:10:27]}  Kg6 {[%clk 0:06:12]} 83. Ra6+ {[%clk 0:09:31]}  Kh5 {[%clk 0:06:23]} 84. Ra4 {[%clk 0:09:58]}  Rc2+ {[%clk 0:06:02]} 85. Kf1 {[%clk 0:10:16]}  Rd2 {[%clk 0:05:13]} 86. Rb4 {[%clk 0:10:31]}  Rd5 {[%clk 0:05:31]} 87. Kf2 {[%clk 0:10:44]}  Re5 {[%clk 0:05:54]} 88. g4+ {[%clk 0:08:40]}  fxg4 {[%clk 0:06:19]} 89. Rb8 {[%clk 0:09:07]}  Rf5+ {[%clk 0:06:02]} 1/2-1/2

[Event "45th FIDE Chess Olympiad Open"]
[Site "Budapest, Hungary"]
[Date "2024.09.20"]
[Round "9"]
[White "Do Valle Cardoso, Lucas"]
[Black "Bok, Benjamin"]
[Result "0-1"]
[Board "40"]
[WhiteFideId "2163144"]
[BlackFideId "1017063"]
[WhiteTitle "FM"]
[BlackTitle "GM"]
[WhiteElo "2364"]
[BlackElo "2596"]
[WhiteTeam "Brazil"]
[BlackTeam "Netherlands"]
[WhiteClock "0:48:37"]
[BlackClock "0:13:23"]
[Variant "Standard"]

1. e4 {[%clk 1:29:54]}  c5 {[%clk 1:30:55]} 2. Nf3 {[%clk 1:30:02]}  d6 {[%clk 1:31:19]} 3. d4 {[%clk 1:30:27]}  cxd4 {[%clk 1:31:45]} 4. Nxd4 {[%clk 1:30:47]}  Nf6 {[%clk 1:32:11]} 5. Nc3 {[%clk 1:31:11]}  a6 {[%clk 1:32:37]} 6. Bg5 {[%clk 1:30:43]}  e6 {[%clk 1:32:39]} 7. f4 {[%clk 1:31:07]}  Nbd7 {[%clk 1:32:53]} 8. Qf3 {[%clk 1:31:30]}  Qc7 {[%clk 1:32:38]} 9. O-O-O {[%clk 1:31:33]}  b5 {[%clk 1:33:00]} 10. e5 {[%clk 1:31:23]}  Bb7 {[%clk 1:32:56]} 11. Qh3 {[%clk 1:31:35]}  dxe5 {[%clk 1:32:04]} 12. Nxe6 {[%clk 1:31:25]}  fxe6 {[%clk 1:32:29]} 13. Qxe6+ {[%clk 1:31:49]}  Be7 {[%clk 1:32:45]} 14. Bxf6 {[%clk 1:31:02]}  gxf6 {[%clk 1:32:42]} 15. Bxb5 {[%clk 1:31:25]}  axb5 {[%clk 1:32:43]} 16. Nxb5 {[%clk 1:31:49]}  Qc6 {[%clk 1:32:58]} 17. Nd6+ {[%clk 1:32:14]}  Kd8 {[%clk 1:33:02]} 18. Nxb7+ {[%clk 1:32:36]}  Qxb7 {[%clk 1:33:28]} 19. Rxd7+ {[%clk 1:32:58]}  Qxd7 {[%clk 1:33:54]} 20. Rd1 {[%clk 1:33:23]}  Qxd1+ {[%clk 1:34:13]} 21. Kxd1 {[%clk 1:33:51]}  exf4 {[%clk 1:34:29]} 22. b4 {[%clk 1:34:15]}  Re8 {[%clk 1:25:42]} 23. b5 {[%clk 1:21:06]}  Ra7 {[%clk 1:21:55]} 24. c4 {[%clk 1:11:42]}  Rd7+ {[%clk 0:49:44]} 25. Kc2 {[%clk 1:09:40]}  Rd2+ {[%clk 0:36:09]} 26. Kb1 {[%clk 1:10:01]}  Bd6 {[%clk 0:22:35]} 27. Qxf6+ {[%clk 1:08:08]}  Kc7 {[%clk 0:22:43]} 28. Kc1 {[%clk 1:01:41]}  Rxg2 {[%clk 0:21:53]} 29. Kd1 {[%clk 0:59:27]}  Rg1+ {[%clk 0:18:09]} 30. Kc2 {[%clk 0:47:45]}  Re2+ {[%clk 0:16:32]} 31. Kd3 {[%clk 0:48:09]}  Re3+ {[%clk 0:16:58]} 32. Kc2 {[%clk 0:48:27]}  Rg2+ {[%clk 0:16:58]} 33. Kd1 {[%clk 0:48:56]}  Rd3+ {[%clk 0:16:22]} 34. Ke1 {[%clk 0:49:20]}  f3 {[%clk 0:15:27]} 35. Qf7+ {[%clk 0:48:21]}  Kb6 {[%clk 0:14:13]} 36. c5+ {[%clk 0:48:43]}  Bxc5 {[%clk 0:14:08]} 37. Qf6+ {[%clk 0:48:13]}  Kxb5 {[%clk 0:13:31]} 38. a4+ {[%clk 0:48:37]}  Ka5 {[%clk 0:13:23]} 0-1

[Event "45th FIDE Chess Olympiad Open"]
[Site "Budapest, Hungary"]
[Date "2024.09.20"]
[Round "9"]
[White "Navara, David"]
[Black "Duda, Jan-Krzysztof"]
[Result "1/2-1/2"]
[Board "41"]
[WhiteFideId "309095"]
[BlackFideId "1170546"]
[WhiteTitle "GM"]
[BlackTitle "GM"]
[WhiteElo "2681"]
[BlackElo "2732"]
[WhiteTeam "Czech Republic"]
[BlackTeam "Poland"]
[WhiteClock "0:56:06"]
[BlackClock "1:24:22"]
[Variant "Standard"]

1. d4 {[%clk 1:30:58]}  Nf6 {[%clk 1:30:55]} 2. c4 {[%clk 1:31:22]}  e6 {[%clk 1:31:20]} 3. Nf3 {[%clk 1:31:48]}  d5 {[%clk 1:31:43]} 4. Nc3 {[%clk 1:32:11]}  c5 {[%clk 1:32:07]} 5. cxd5 {[%clk 1:32:32]}  cxd4 {[%clk 1:32:31]} 6. Qxd4 {[%clk 1:32:33]}  exd5 {[%clk 1:32:57]} 7. e4 {[%clk 1:32:49]}  dxe4 {[%clk 1:33:16]} 8. Qxd8+ {[%clk 1:33:02]}  Kxd8 {[%clk 1:33:41]} 9. Ng5 {[%clk 1:33:21]}  Be6 {[%clk 1:34:06]} 10. Nxe6+ {[%clk 1:33:39]}  fxe6 {[%clk 1:34:30]} 11. Bg5 {[%clk 1:33:42]}  h6 {[%clk 1:33:37]} 12. O-O-O+ {[%clk 1:32:40]}  Ke7 {[%clk 1:33:57]} 13. Bxf6+ {[%clk 1:31:08]}  gxf6 {[%clk 1:34:21]} 14. Nxe4 {[%clk 1:31:28]}  f5 {[%clk 1:34:41]} 15. Nd6 {[%clk 1:29:13]}  Nc6 {[%clk 1:32:00]} 16. Bb5 {[%clk 1:27:42]}  Bg7 {[%clk 1:31:05]} 17. Rhe1 {[%clk 1:24:20]}  Rhf8 {[%clk 1:30:53]} 18. Bxc6 {[%clk 1:22:59]}  bxc6 {[%clk 1:31:15]} 19. Nc4 {[%clk 1:20:23]}  Rfd8 {[%clk 1:30:57]} 20. Ne5 {[%clk 1:01:37]}  Rxd1+ {[%clk 1:28:54]} 21. Kxd1 {[%clk 1:01:54]}  Kd6 {[%clk 1:28:12]} 22. f4 {[%clk 1:01:10]}  Bxe5 {[%clk 1:24:57]} 23. Rxe5 {[%clk 1:01:23]}  Rg8 {[%clk 1:25:22]} 24. g3 {[%clk 1:00:37]}  h5 {[%clk 1:25:17]} 25. Ke2 {[%clk 0:59:55]}  h4 {[%clk 1:24:29]} 26. Kf3 {[%clk 0:59:21]}  hxg3 {[%clk 1:24:49]} 27. hxg3 {[%clk 0:59:44]}  Rb8 {[%clk 1:24:37]} 28. Re2 {[%clk 0:57:28]}  c5 {[%clk 1:23:58]} 29. b3 {[%clk 0:55:27]}  a5 {[%clk 1:23:46]} 30. Rd2+ {[%clk 0:55:04]}  Kc6 {[%clk 1:24:03]} 31. Re2 {[%clk 0:55:25]}  Kd6 {[%clk 1:23:58]} 32. Rd2+ {[%clk 0:55:45]}  Kc6 {[%clk 1:24:22]} 33. Re2 {[%clk 0:56:06]} 1/2-1/2

[Event "45th FIDE Chess Olympiad Open"]
[Site "Budapest, Hungary"]
[Date "2024.09.20"]
[Round "9"]
[White "Wojtaszek, Radoslaw"]
[Black "Nguyen, Thai Dai Van"]
[Result "1/2-1/2"]
[Board "42"]
[WhiteFideId "1118358"]
[BlackFideId "358878"]
[WhiteTitle "GM"]
[BlackTitle "GM"]
[WhiteElo "2681"]
[BlackElo "2647"]
[WhiteTeam "Poland"]
[BlackTeam "Czech Republic"]
[WhiteClock "0:10:59"]
[BlackClock "0:01:30"]
[Variant "Standard"]

1. d4 {[%clk 1:30:57]}  d5 {[%clk 1:29:55]} 2. c4 {[%clk 1:31:24]}  e6 {[%clk 1:30:19]} 3. Nc3 {[%clk 1:31:51]}  c6 {[%clk 1:30:43]} 4. e4 {[%clk 1:32:17]}  dxe4 {[%clk 1:31:08]} 5. Nxe4 {[%clk 1:32:43]}  Bb4+ {[%clk 1:31:32]} 6. Bd2 {[%clk 1:33:02]}  Qxd4 {[%clk 1:31:55]} 7. Bxb4 {[%clk 1:33:26]}  Qxe4+ {[%clk 1:32:20]} 8. Be2 {[%clk 1:33:47]}  Na6 {[%clk 1:30:33]} 9. Bd6 {[%clk 1:34:12]}  Qxg2 {[%clk 1:30:23]} 10. Bf3 {[%clk 1:34:35]}  Qg5 {[%clk 1:29:13]} 11. Ne2 {[%clk 1:34:58]}  Ne7 {[%clk 1:29:35]} 12. Ng3 {[%clk 1:34:46]}  e5 {[%clk 1:29:59]} 13. Qe2 {[%clk 1:13:21]}  Be6 {[%clk 0:53:31]} 14. h4 {[%clk 1:11:59]}  Qf4 {[%clk 0:51:36]} 15. Nh5 {[%clk 1:06:12]}  Qxc4 {[%clk 0:33:38]} 16. Nxg7+ {[%clk 1:01:11]}  Kd7 {[%clk 0:31:09]} 17. Bxe5 {[%clk 1:01:15]}  Qxe2+ {[%clk 0:29:36]} 18. Bxe2 {[%clk 1:00:24]}  Rhf8 {[%clk 0:21:09]} 19. O-O-O+ {[%clk 0:59:08]}  Bd5 {[%clk 0:21:00]} 20. Rhe1 {[%clk 0:47:11]}  Nc5 {[%clk 0:13:02]} 21. Bf6 {[%clk 0:47:17]}  Ne6 {[%clk 0:09:04]} 22. Bg4 {[%clk 0:45:43]}  Ng8 {[%clk 0:09:15]} 23. Nxe6 {[%clk 0:36:50]}  fxe6 {[%clk 0:09:35]} 24. Bxe6+ {[%clk 0:37:16]}  Kd6 {[%clk 0:09:08]} 25. Bc3 {[%clk 0:37:32]}  Nf6 {[%clk 0:03:38]} 26. Bf5 {[%clk 0:22:18]}  Rae8 {[%clk 0:04:02]} 27. Rxe8 {[%clk 0:22:43]}  Rxe8 {[%clk 0:01:14]} 28. f4 {[%clk 0:23:08]}  Rf8 {[%clk 0:01:02]} 29. Be5+ {[%clk 0:23:08]}  Kc5 {[%clk 0:00:55]} 30. a3 {[%clk 0:21:02]}  Kb6 {[%clk 0:00:39]} 31. Bd4+ {[%clk 0:13:48]}  Kc7 {[%clk 0:00:58]} 32. Rg1 {[%clk 0:13:53]}  Nd7 {[%clk 0:00:35]} 33. Bxd7 {[%clk 0:10:48]}  Kxd7 {[%clk 0:01:03]} 34. Rg7+ {[%clk 0:11:11]}  Rf7 {[%clk 0:01:30]} 35. Rxf7+ {[%clk 0:10:59]} 1/2-1/2

[Event "45th FIDE Chess Olympiad Open"]
[Site "Budapest, Hungary"]
[Date "2024.09.20"]
[Round "9"]
[White "Krejci, Jan"]
[Black "Piorun, Kacper"]
[Result "0-1"]
[Board "43"]
[WhiteFideId "322156"]
[BlackFideId "1130420"]
[WhiteTitle "GM"]
[BlackTitle "GM"]
[WhiteElo "2556"]
[BlackElo "2599"]
[WhiteTeam "Czech Republic"]
[BlackTeam "Poland"]
[WhiteClock "0:05:53"]
[BlackClock "0:34:44"]
[Variant "Standard"]

1. d4 {[%clk 1:30:58]}  e6 {[%clk 1:30:54]} 2. c4 {[%clk 1:31:05]}  b6 {[%clk 1:31:19]} 3. Nf3 {[%clk 1:30:02]}  Bb7 {[%clk 1:31:42]} 4. g3 {[%clk 1:27:51]}  Bb4+ {[%clk 1:31:46]} 5. Bd2 {[%clk 1:22:09]}  Bxf3 {[%clk 1:32:08]} 6. exf3 {[%clk 1:22:33]}  Bxd2+ {[%clk 1:32:33]} 7. Qxd2 {[%clk 1:20:25]}  Nf6 {[%clk 1:32:56]} 8. Nc3 {[%clk 1:19:15]}  d5 {[%clk 1:33:18]} 9. cxd5 {[%clk 1:15:53]}  Nxd5 {[%clk 1:33:35]} 10. Bb5+ {[%clk 1:06:11]}  c6 {[%clk 1:32:23]} 11. Ba4 {[%clk 1:05:14]}  Ne7 {[%clk 1:29:44]} 12. O-O {[%clk 1:04:30]}  O-O {[%clk 1:26:58]} 13. Rfd1 {[%clk 1:02:36]}  Nd7 {[%clk 1:18:21]} 14. Rac1 {[%clk 1:00:49]}  Rc8 {[%clk 1:16:55]} 15. Ne4 {[%clk 1:00:16]}  Rc7 {[%clk 1:16:46]} 16. h4 {[%clk 0:56:44]}  Qb8 {[%clk 1:11:27]} 17. Qg5 {[%clk 0:54:19]}  Re8 {[%clk 1:08:33]} 18. h5 {[%clk 0:46:21]}  h6 {[%clk 1:07:47]} 19. Qf4 {[%clk 0:46:06]}  Rd8 {[%clk 1:05:44]} 20. Kg2 {[%clk 0:43:23]}  Nf8 {[%clk 1:02:47]} 21. Rc2 {[%clk 0:38:16]}  a5 {[%clk 0:57:09]} 22. a3 {[%clk 0:35:59]}  Qa7 {[%clk 0:52:22]} 23. Qc1 {[%clk 0:30:38]}  Qb7 {[%clk 0:51:13]} 24. b4 {[%clk 0:29:32]}  axb4 {[%clk 0:44:11]} 25. axb4 {[%clk 0:28:47]}  Rcd7 {[%clk 0:44:06]} 26. Bxc6 {[%clk 0:25:53]}  Nxc6 {[%clk 0:44:25]} 27. Rxc6 {[%clk 0:26:19]}  f5 {[%clk 0:44:50]} 28. Nd2 {[%clk 0:18:51]}  Rxd4 {[%clk 0:45:15]} 29. Rc4 {[%clk 0:15:25]}  Rd3 {[%clk 0:38:38]} 30. Rc3 {[%clk 0:14:08]}  Qd5 {[%clk 0:38:41]} 31. Rxd3 {[%clk 0:14:32]}  Qxd3 {[%clk 0:39:06]} 32. Qc7 {[%clk 0:13:22]}  Rd5 {[%clk 0:35:41]} 33. Qxb6 {[%clk 0:08:59]}  Qe2 {[%clk 0:35:26]} 34. Ra1 {[%clk 0:06:25]}  Rxd2 {[%clk 0:35:50]} 35. Qc5 {[%clk 0:05:53]}  Nd7 {[%clk 0:34:44]} 0-1

[Event "45th FIDE Chess Olympiad Open"]
[Site "Budapest, Hungary"]
[Date "2024.09.20"]
[Round "9"]
[White "Bartel, Mateusz"]
[Black "Vykouk, Jan"]
[Result "1/2-1/2"]
[Board "44"]
[WhiteFideId "1112635"]
[BlackFideId "349658"]
[WhiteTitle "GM"]
[BlackTitle "IM"]
[WhiteElo "2618"]
[BlackElo "2483"]
[WhiteTeam "Poland"]
[BlackTeam "Czech Republic"]
[WhiteClock "0:19:10"]
[BlackClock "0:06:22"]
[Variant "Standard"]

1. e4 {[%clk 1:30:57]}  c5 {[%clk 1:30:54]} 2. Nf3 {[%clk 1:31:22]}  d6 {[%clk 1:31:20]} 3. d4 {[%clk 1:31:47]}  cxd4 {[%clk 1:31:46]} 4. Nxd4 {[%clk 1:32:10]}  Nf6 {[%clk 1:32:11]} 5. Nc3 {[%clk 1:32:34]}  Nc6 {[%clk 1:32:37]} 6. Bg5 {[%clk 1:32:57]}  e6 {[%clk 1:32:57]} 7. Bb5 {[%clk 1:33:19]}  Bd7 {[%clk 1:33:11]} 8. Qd3 {[%clk 1:33:42]}  Qb6 {[%clk 1:32:18]} 9. Bxf6 {[%clk 1:31:04]}  gxf6 {[%clk 1:32:36]} 10. Nxc6 {[%clk 1:31:26]}  bxc6 {[%clk 1:32:57]} 11. Ba4 {[%clk 1:31:51]}  Be7 {[%clk 1:31:41]} 12. O-O {[%clk 1:32:13]}  h5 {[%clk 1:29:53]} 13. Rab1 {[%clk 1:29:40]}  h4 {[%clk 1:25:53]} 14. b4 {[%clk 1:29:58]}  h3 {[%clk 1:21:56]} 15. g3 {[%clk 1:30:26]}  Rc8 {[%clk 1:13:12]} 16. Nd1 {[%clk 1:25:12]}  c5 {[%clk 1:05:35]} 17. Bxd7+ {[%clk 1:20:00]}  Kxd7 {[%clk 1:05:59]} 18. c3 {[%clk 1:18:19]}  cxb4 {[%clk 1:01:12]} 19. Rxb4 {[%clk 1:16:23]}  Qc6 {[%clk 1:01:30]} 20. Ne3 {[%clk 1:16:48]}  Rh5 {[%clk 1:00:19]} 21. Rd1 {[%clk 1:09:28]}  Rc5 {[%clk 0:55:32]} 22. Qd4 {[%clk 0:51:32]}  a5 {[%clk 0:49:45]} 23. Rb2 {[%clk 0:49:44]}  Re5 {[%clk 0:34:17]} 24. f3 {[%clk 0:46:06]}  Qxc3 {[%clk 0:23:00]} 25. Rb7+ {[%clk 0:45:35]}  Ke8 {[%clk 0:23:26]} 26. Qa7 {[%clk 0:44:21]}  Bd8 {[%clk 0:23:50]} 27. Rxd6 {[%clk 0:32:47]}  Bc7 {[%clk 0:21:27]} 28. Rd1 {[%clk 0:32:38]}  Rd8 {[%clk 0:18:27]} 29. Rxd8+ {[%clk 0:30:28]}  Kxd8 {[%clk 0:14:12]} 30. Rb1 {[%clk 0:24:35]}  Rc5 {[%clk 0:13:47]} 31. Rd1+ {[%clk 0:24:22]}  Ke8 {[%clk 0:12:00]} 32. Ng4 {[%clk 0:20:04]}  Rb5 {[%clk 0:07:32]} 33. Nxf6+ {[%clk 0:17:56]}  Ke7 {[%clk 0:07:31]} 34. e5 {[%clk 0:17:38]}  Qc2 {[%clk 0:03:17]} 35. Rd7+ {[%clk 0:16:24]}  Kf8 {[%clk 0:03:44]} 36. Qa8+ {[%clk 0:16:43]}  Rb8 {[%clk 0:04:05]} 37. Qxb8+ {[%clk 0:17:03]}  Bxb8 {[%clk 0:04:32]} 38. Rd8+ {[%clk 0:17:28]}  Kg7 {[%clk 0:04:57]} 39. Rg8+ {[%clk 0:17:51]}  Kh6 {[%clk 0:05:23]} 40. Ng4+ {[%clk 0:18:03]}  Kh7 {[%clk 0:05:32]} 41. Nf6+ {[%clk 0:18:28]}  Kh6 {[%clk 0:05:57]} 42. Ng4+ {[%clk 0:18:43]}  Kh7 {[%clk 0:06:22]} 43. Nf6+ {[%clk 0:19:10]} 1/2-1/2

[Event "45th FIDE Chess Olympiad Open"]
[Site "Budapest, Hungary"]
[Date "2024.09.20"]
[Round "9"]
[White "Theodorou, Nikolas"]
[Black "Suleymanli, Aydin"]
[Result "1-0"]
[Board "45"]
[WhiteFideId "4262875"]
[BlackFideId "13413937"]
[WhiteTitle "GM"]
[BlackTitle "GM"]
[WhiteElo "2619"]
[BlackElo "2632"]
[WhiteTeam "Greece"]
[BlackTeam "Azerbaijan"]
[WhiteClock "0:22:03"]
[BlackClock "0:02:28"]
[Variant "Standard"]

1. e4 {[%clk 1:30:58]}  e5 {[%clk 1:30:52]} 2. Nf3 {[%clk 1:31:22]}  Nc6 {[%clk 1:31:17]} 3. Bc4 {[%clk 1:31:47]}  Nf6 {[%clk 1:31:37]} 4. d3 {[%clk 1:32:11]}  Bc5 {[%clk 1:32:00]} 5. c3 {[%clk 1:32:35]}  d6 {[%clk 1:32:23]} 6. Bg5 {[%clk 1:32:44]}  h6 {[%clk 1:32:42]} 7. Bh4 {[%clk 1:33:12]}  a5 {[%clk 1:32:39]} 8. a4 {[%clk 1:33:16]}  Qe7 {[%clk 1:29:24]} 9. O-O {[%clk 1:33:10]}  g5 {[%clk 1:28:41]} 10. Bg3 {[%clk 1:33:37]}  Nd7 {[%clk 1:28:57]} 11. Nbd2 {[%clk 1:29:59]}  h5 {[%clk 1:14:16]} 12. h4 {[%clk 1:22:33]}  g4 {[%clk 1:12:20]} 13. Nh2 {[%clk 1:22:57]}  Nf8 {[%clk 1:08:50]} 14. Kh1 {[%clk 1:23:20]}  Be6 {[%clk 0:55:21]} 15. Bb5 {[%clk 1:09:06]}  Ng6 {[%clk 0:48:49]} 16. d4 {[%clk 0:59:20]}  exd4 {[%clk 0:49:08]} 17. f4 {[%clk 0:59:46]}  gxf3 {[%clk 0:46:23]} 18. Nhxf3 {[%clk 0:56:56]}  dxc3 {[%clk 0:45:11]} 19. bxc3 {[%clk 0:57:23]}  O-O {[%clk 0:38:38]} 20. Nb3 {[%clk 0:56:23]}  Bb6 {[%clk 0:35:33]} 21. Nbd4 {[%clk 0:50:07]}  Nxd4 {[%clk 0:33:27]} 22. Nxd4 {[%clk 0:49:47]}  Bg4 {[%clk 0:33:36]} 23. Qd2 {[%clk 0:50:15]}  f6 {[%clk 0:19:02]} 24. Bc4+ {[%clk 0:39:55]}  Kh8 {[%clk 0:15:24]} 25. Ne6 {[%clk 0:39:58]}  Bxe6 {[%clk 0:11:31]} 26. Bxe6 {[%clk 0:39:00]}  Kg7 {[%clk 0:11:58]} 27. Bf5 {[%clk 0:30:41]}  Ne5 {[%clk 0:12:17]} 28. Qe2 {[%clk 0:29:37]}  Rh8 {[%clk 0:11:58]} 29. Rab1 {[%clk 0:26:05]}  Rag8 {[%clk 0:10:53]} 30. Rb5 {[%clk 0:26:22]}  Kf8 {[%clk 0:07:25]} 31. Bf4 {[%clk 0:17:24]}  Nf7 {[%clk 0:06:41]} 32. c4 {[%clk 0:16:04]}  Nh6 {[%clk 0:00:36]} 33. Bc8 {[%clk 0:14:17]}  Nf7 {[%clk 0:00:46]} 34. Bh3 {[%clk 0:09:55]}  Rh7 {[%clk 0:00:42]} 35. Qb2 {[%clk 0:08:46]}  Qxe4 {[%clk 0:00:37]} 36. c5 {[%clk 0:04:02]}  Bxc5 {[%clk 0:00:49]} 37. Rxb7 {[%clk 0:03:56]}  Qc4 {[%clk 0:00:35]} 38. Qb1 {[%clk 0:02:10]}  Bb6 {[%clk 0:00:33]} 39. Be6 {[%clk 0:00:35]}  Qe2 {[%clk 0:00:32]} 40. Bd5 {[%clk 0:00:36]}  Rg4 {[%clk 0:00:48]} 41. g3 {[%clk 0:27:41]}  Rxf4 {[%clk 0:08:51]} 42. Rxf4 {[%clk 0:24:45]}  Rh6 {[%clk 0:02:28]} 43. Bxf7 {[%clk 0:22:03]} 1-0

[Event "45th FIDE Chess Olympiad Open"]
[Site "Budapest, Hungary"]
[Date "2024.09.20"]
[Round "9"]
[White "Mamedov, Rauf"]
[Black "Kourkoulos-Arditis, Stamatis"]
[Result "1-0"]
[Board "46"]
[WhiteFideId "13401653"]
[BlackFideId "4221990"]
[WhiteTitle "GM"]
[BlackTitle "GM"]
[WhiteElo "2637"]
[BlackElo "2570"]
[WhiteTeam "Azerbaijan"]
[BlackTeam "Greece"]
[WhiteClock "0:29:08"]
[BlackClock "0:00:41"]
[Variant "Standard"]

1. e4 {[%clk 1:29:33]}  e5 {[%clk 1:30:53]} 2. Nf3 {[%clk 1:29:59]}  Nc6 {[%clk 1:31:19]} 3. Bc4 {[%clk 1:30:26]}  Bc5 {[%clk 1:31:41]} 4. Nc3 {[%clk 1:30:53]}  Nf6 {[%clk 1:31:53]} 5. d3 {[%clk 1:31:19]}  h6 {[%clk 1:31:07]} 6. Be3 {[%clk 1:29:14]}  Bxe3 {[%clk 1:29:37]} 7. fxe3 {[%clk 1:29:34]}  d6 {[%clk 1:28:48]} 8. a3 {[%clk 1:29:45]}  O-O {[%clk 1:24:17]} 9. Qe2 {[%clk 1:29:40]}  Be6 {[%clk 1:23:25]} 10. O-O-O {[%clk 1:29:12]}  d5 {[%clk 1:05:10]} 11. exd5 {[%clk 1:29:34]}  Nxd5 {[%clk 1:05:35]} 12. Bxd5 {[%clk 1:24:31]}  Bxd5 {[%clk 1:05:59]} 13. g4 {[%clk 1:19:08]}  Rb8 {[%clk 0:46:12]} 14. g5 {[%clk 1:14:27]}  h5 {[%clk 0:39:43]} 15. Rhg1 {[%clk 1:13:13]}  g6 {[%clk 0:38:10]} 16. Nd2 {[%clk 1:13:02]}  Kg7 {[%clk 0:28:50]} 17. Qf2 {[%clk 1:07:31]}  Be6 {[%clk 0:26:31]} 18. Nde4 {[%clk 1:07:41]}  Bf5 {[%clk 0:20:52]} 19. Nf6 {[%clk 1:07:29]}  Rh8 {[%clk 0:20:18]} 20. d4 {[%clk 1:05:35]}  b5 {[%clk 0:15:17]} 21. dxe5 {[%clk 0:40:12]}  Qe7 {[%clk 0:15:26]} 22. e4 {[%clk 0:40:39]}  Bh3 {[%clk 0:09:43]} 23. Rd3 {[%clk 0:35:31]}  Bc8 {[%clk 0:09:00]} 24. Nd7 {[%clk 0:33:04]}  Bxd7 {[%clk 0:06:13]} 25. Qf6+ {[%clk 0:33:30]}  Kg8 {[%clk 0:06:31]} 26. Qxe7 {[%clk 0:33:47]}  Nxe7 {[%clk 0:06:57]} 27. Rxd7 {[%clk 0:34:14]}  Nc6 {[%clk 0:07:17]} 28. e6 {[%clk 0:34:03]}  fxe6 {[%clk 0:06:22]} 29. Rxc7 {[%clk 0:34:29]}  Ne5 {[%clk 0:06:49]} 30. Re7 {[%clk 0:33:57]}  Nf3 {[%clk 0:05:01]} 31. Rg2 {[%clk 0:29:07]}  Rb6 {[%clk 0:01:32]} 32. Rf2 {[%clk 0:28:21]}  Nxg5 {[%clk 0:01:44]} 33. h4 {[%clk 0:28:45]}  Nh7 {[%clk 0:00:46]} 34. Rff7 {[%clk 0:29:05]}  g5 {[%clk 0:00:41]} 35. Rg7+ {[%clk 0:29:08]} 1-0